[Event "Titled Tuesday intern op 24th Oct Late"]
[Site "Chess.com INT"]
[Date "2023.10.24"]
[Round "9"]
[White "Baghdasaryan, Vahe"]
[Black "Galchenko, Matvey"]
[Result "1/2-1/2"]
[WhiteElo "2264"]
[BlackElo "2438"]
[PlyCount "90"]
[EventDate "2023.10.24"]
[EventType "swiss (blitz)"]
[EventRounds "11"]
[EventCountry "USA"]
[SourceTitle "Mega2024 Update 01"]
[Source "Chessbase"]
[SourceDate "2023.11.12"]
[SourceVersion "1"]
[SourceVersionDate "2023.11.12"]
[SourceQuality "1"]

1. e4 e6 2. d4 d5 3. Nd2 a6 4. Ngf3 Nf6 5. e5 Nfd7 6. Bd3 c5 7. c3 Nc6 8. 0-0 g5 9. dxc5 g4 10. Nd4 Ndxe5 11. N2b3 Nxd3 12. Qxd3 e5 13. Nxc6 bxc6 14. Re1 Bg7 15. Bf4 f6 16. Nd4 Qd7 17. Bg3 0-0 18. Nc2 a5 19. b4 Ba6 20. Qd2 h5 21. a4 Rfe8 22. Ne3 f5 23. b5 cxb5 24. Qxd5+ Qxd5 25. Nxd5 Rac8 26. axb5 Bxb5 27. Rxa5 Bc6 28. c4 f4 29. Bh4 Kf8 30. Ra7 Ra8 31. Rc7 Rec8 32. Rxc8+ Rxc8 33. Be7+ Kf7 34. Bd6 Re8 35. Nc7 Rc8 36. Nd5 Bb7 37. Rb1 Ba6 38. Nb6 Rc6 39. Ra1 Bc8 40. Ra7+ Kg6 41. Nd5 Bf6 42. Be7 Bh8 43. Bd6 Bf6 44. Be7 Bg7 45. Bd6 Bf6 1/2-1/2

[Event "Titled Tuesday intern op 24th Oct Late"]
[Site "Chess.com INT"]
[Date "2023.10.24"]
[Round "7"]
[White "Schnaider, Ilan"]
[Black "Baghdasaryan, Vahe"]
[Result "0-1"]
[WhiteElo "2292"]
[BlackElo "2264"]
[PlyCount "94"]
[EventDate "2023.10.24"]
[EventType "swiss (blitz)"]
[EventRounds "11"]
[EventCountry "USA"]
[SourceTitle "Mega2024 Update 01"]
[Source "Chessbase"]
[SourceDate "2023.11.12"]
[SourceVersion "1"]
[SourceVersionDate "2023.11.12"]
[SourceQuality "1"]

1. d4 Nf6 2. c4 e6 3. g3 d5 4. Nf3 Be7 5. Bg2 0-0 6. 0-0 dxc4 7. Qc2 b5 8. a4 b4 9. Nfd2 c6 10. Nxc4 Qxd4 11. Rd1 Qc5 12. Be3 Qh5 13. Bf3 Ng4 14. h4 Bxh4 15. Qe4 e5 16. Bxg4 Bxg4 17. Nxe5 Bxe2 18. Re1 Bf6 19. Bf4 Bxe5 20. Bxe5 Bf3 21. Qh4 Qxh4 22. gxh4 Nd7 23. Bd6 Rfe8 24. Nd2 Bd5 25. Bxb4 Ne5 26. Bc3 Ng6 27. h5 Nf4 28. h6 gxh6 29. Kh2 f5 30. Rg1+ Ng6 31. Rae1 Kf7 32. Nf1 Rxe1 33. Bxe1 Nh4 34. Nd2 Re8 35. Kh3 Ng6 36. Kh2 Nf4 37. b4 Nd3 38. f4 Rxe1 39. Rg3 Re2+ 40. Kg1 Rxd2 41. b5 Nxf4 42. bxc6 Bxc6 43. a5 Ne2+ 44. Kf1 Nxg3+ 45. Ke1 Re2+ 46. Kd1 f4 47. a6 f3 0-1

[Event "Titled Tuesday intern op 12th Sep Early"]
[Site "Chess.com INT"]
[Date "2023.09.12"]
[Round "1"]
[White "Baghdasaryan, Vahe"]
[Black "Omelja, Artem"]
[Result "0-1"]
[WhiteElo "2259"]
[BlackElo "2434"]
[PlyCount "128"]
[EventDate "2023.09.12"]
[EventType "swiss (blitz)"]
[EventRounds "11"]
[EventCountry "USA"]
[SourceTitle "EXT 2024"]
[Source "ChessBase"]
[SourceDate "2023.10.10"]
[SourceVersion "1"]
[SourceVersionDate "2023.10.10"]
[SourceQuality "1"]

1. e4 c5 2. c3 d5 3. exd5 Qxd5 4. d4 Nf6 5. Nf3 e6 6. Na3 Nc6 7. Be3 cxd4 8. Nb5 Qd8 9. Nbxd4 Bd7 10. Bd3 Bd6 11. Bc2 0-0 12. 0-0 a6 13. Nxc6 Bxc6 14. Nd4 Bd5 15. b3 Qc7 16. c4 Bxh2+ 17. Kh1 Be4 18. Bxe4 Nxe4 19. Qf3 Qe5 20. g3 Bxg3 21. fxg3 Nxg3+ 22. Kg2 Nxf1 23. Rxf1 Rad8 24. Qf2 b5 25. cxb5 axb5 26. Kg1 Rd5 27. Rc1 Rfd8 28. Rd1 Qe4 29. Rf1 f5 30. Nf3 Rd3 31. Bb6 Rc8 32. Kg2 Qg4+ 33. Qg3 Rc2+ 34. Rf2 Rxf2+ 35. Bxf2 Qxg3+ 36. Kxg3 g5 37. Kg2 g4 38. Ne5 Rd5 39. Nd7 Rxd7 40. Kg3 Rd5 41. Kf4 Kf7 42. Kg5 Rd2 43. Kh6 Rxa2 44. Be3 Rh2+ 45. Kg5 g3 46. Kf4 g2 47. Kg3 Rh1 48. Kxg2 Rb1 49. b4 Rb3 50. Bc5 f4 51. Kf2 Kg6 52. Kg2 Kf5 53. Kf2 e5 54. Kg2 e4 55. Kf2 Kg4 56. Ke1 Rb2 57. Kf1 h5 58. Ke1 h4 59. Kd1 h3 60. Kc1 Rg2 61. Kd1 h2 62. Bf2 h1Q+ 63. Be1 Qf1 64. Kc1 Qxe1# 0-1

[Event "Titled Tuesday intern op 05th Sep Early"]
[Site "Chess.com INT"]
[Date "2023.09.05"]
[Round "4"]
[White "Baghdasaryan, Vahe"]
[Black "Sasvatha, A."]
[Result "1-0"]
[WhiteElo "2259"]
[BlackElo "1783"]
[PlyCount "171"]
[EventDate "2023.09.05"]
[EventType "swiss (blitz)"]
[EventRounds "11"]
[EventCountry "USA"]
[SourceTitle "EXT 2024"]
[Source "ChessBase"]
[SourceDate "2023.10.10"]
[SourceVersion "1"]
[SourceVersionDate "2023.10.10"]
[SourceQuality "1"]

1. e4 c6 2. c4 d5 3. exd5 cxd5 4. cxd5 Qxd5 5. Nc3 Qd8 6. d4 Nf6 7. Nf3 g6 8. Bc4 Bg7 9. 0-0 0-0 10. Qb3 e6 11. a3 Nc6 12. Rd1 a6 13. Qa2 b5 14. Bb3 Na5 15. Bc2 Bb7 16. Ne5 Nd5 17. Bd2 Rc8 18. Nxd5 Bxd5 19. b3 Rxc2 20. Qxc2 Nxb3 21. Bb4 Nxa1 22. Rxa1 Re8 23. Rc1 Bxe5 24. dxe5 Bc4 25. Bd6 Qd7 26. Qe4 f6 27. Qf4 fxe5 28. Bxe5 Rf8 29. Qh6 Qf7 30. f4 Rd8 31. Qh4 Qa7+ 32. Kh1 Rf8 33. h3 Qe3 34. Ra1 Bd5 35. Qg4 Qf2 36. Kh2 Rc8 37. Qg3 Qxg3+ 38. Kxg3 Rc2 39. Rg1 Kf7 40. Bd6 h5 41. Kh4 Rc4 42. Kg5 Rc2 43. g3 Rh2 44. h4 Rc2 45. Be5 Rc4 46. Kh6 Rc2 47. Kg5 Rc4 48. Kh6 Rc6 49. g4 hxg4 50. Rxg4 Rc2 51. Rxg6 Rh2 52. Rg7+ Kf8 53. h5 Rh3 54. Rg5 Rxa3 55. Bd6+ Kf7 56. Bxa3 a5 57. f5 b4 58. fxe6+ Kxe6 59. Bb2 a4 60. Re5+ Kd6 61. Re3 a3 62. Bxa3 bxa3 63. Rxa3 Ke5 64. Rg3 Kf6 65. Kh7 Kf7 66. h6 Be4+ 67. Kh8 Kf8 68. Rg8+ Kf7 69. h7 Bd5 70. Rd8 Be6 71. Rb8 Bd5 72. Rc8 Be6 73. Rc7+ Kg6 74. Rc6 Kf7 75. Rxe6 Kxe6 76. Kg8 Ke7 77. h8Q Ke6 78. Qg7 Kd5 79. Qf6 Kc4 80. Kf7 Kb3 81. Ke6 Ka2 82. Kd5 Kb1 83. Kc4 Ka2 84. Qf2+ Kb1 85. Kb3 Kc1 86. Qc2# 1-0

[Event "Titled Tuesday intern op 29th Aug Late"]
[Site "Chess.com INT"]
[Date "2023.08.29"]
[Round "2"]
[White "Baghdasaryan, Vahe"]
[Black "Pham, Le Thao Nguyen"]
[Result "0-1"]
[WhiteElo "2257"]
[BlackElo "2370"]
[PlyCount "136"]
[EventDate "2023.08.29"]
[EventType "swiss (blitz)"]
[EventRounds "11"]
[EventCountry "USA"]
[SourceTitle "EXT 2024"]
[Source "ChessBase"]
[SourceDate "2023.10.10"]
[SourceVersion "1"]
[SourceVersionDate "2023.10.10"]
[SourceQuality "1"]

1. e4 c6 2. c4 e5 3. Nf3 d6 4. d4 Nd7 5. Nc3 Ngf6 6. Be3 Be7 7. h3 0-0 8. Be2 a6 9. d5 c5 10. Nd2 Ne8 11. f3 Bh4+ 12. Kf1 f5 13. exf5 Rxf5 14. Nde4 Nf8 15. g3 Be7 16. Kg2 Rf7 17. a3 h6 18. b4 b6 19. Qb3 Nf6 20. Rab1 Nxe4 21. Nxe4 Bf5 22. bxc5 bxc5 23. Qb6 Bxe4 24. fxe4 Bg5 25. Qxd8 Rxd8 26. Bxg5 hxg5 27. Rb6 Nh7 28. Bg4 Ra7 29. Rhb1 Nf6 30. Bf5 a5 31. Rb7 Rda8 32. Rxa7 Rxa7 33. a4 Kf7 34. Rb6 Ke7 35. h4 gxh4 36. gxh4 Nh5 37. Kf3 Nf4 38. Rb8 g6 39. Bg4 Nd3 40. Rg8 Kf6 41. h5 gxh5 42. Bxh5 Nf4 43. Bg4 Rb7 44. Rh8 Rb3+ 45. Kf2 Rb4 46. Bd1 Rxc4 47. Rd8 Ke7 48. Ra8 Rxe4 49. Rxa5 Nxd5 50. Bf3 Rf4 51. Kg3 Nb4 52. Ra7+ Kf6 53. Rh7 Rd4 54. a5 Rd3 55. Kf2 Ra3 56. Rh6+ Ke7 57. Rh7+ Kf6 58. Ra7 d5 59. Rc7 e4 60. Be2 Rxa5 61. Rh7 Ke5 62. Rh5+ Kd4 63. Rh4 Ra2 64. Rh5 Nd3+ 65. Kf1 c4 66. Bxd3 cxd3 67. Ke1 Ra1+ 68. Kd2 e3# 0-1

[Event "Titled Tuesday intern op 29th Aug Late"]
[Site "Chess.com INT"]
[Date "2023.08.29"]
[Round "8"]
[White "Baghdasaryan, Vahe"]
[Black "Van Baar, Esper"]
[Result "1-0"]
[WhiteElo "2257"]
[BlackElo "2179"]
[PlyCount "45"]
[EventDate "2023.08.29"]
[EventType "swiss (blitz)"]
[EventRounds "11"]
[EventCountry "USA"]
[SourceTitle "EXT 2024"]
[Source "ChessBase"]
[SourceDate "2023.10.10"]
[SourceVersion "1"]
[SourceVersionDate "2023.10.10"]
[SourceQuality "1"]

1. e4 c5 2. c3 Nf6 3. e5 Nd5 4. Nf3 d6 5. d4 cxd4 6. cxd4 Nc6 7. Bc4 Nb6 8. Bb5 dxe5 9. Nxe5 Bd7 10. Nxd7 Qxd7 11. Nc3 Rd8 12. a4 e6 13. 0-0 Qxd4 14. Qxd4 Rxd4 15. a5 Nd7 16. a6 Ndb8 17. axb7 Bc5 18. Be3 0-0 19. Bxd4 Bxd4 20. Bxc6 Nxc6 21. Nb5 Bb6 22. Rfc1 Na5 23. Nd6 1-0

[Event "Titled Tuesday intern op 29th Aug Early"]
[Site "Chess.com INT"]
[Date "2023.08.29"]
[Round "6"]
[White "Diaz Garcia, Lianet"]
[Black "Baghdasaryan, Vahe"]
[Result "1-0"]
[WhiteElo "1999"]
[BlackElo "2257"]
[PlyCount "109"]
[EventDate "2023.08.29"]
[EventType "swiss (blitz)"]
[EventRounds "11"]
[EventCountry "USA"]
[SourceTitle "EXT 2024"]
[Source "ChessBase"]
[SourceDate "2023.10.10"]
[SourceVersion "1"]
[SourceVersionDate "2023.10.10"]
[SourceQuality "1"]

1. e4 e5 2. Nf3 Nc6 3. Bb5 a6 4. Bxc6 dxc6 5. d4 exd4 6. Qxd4 Qxd4 7. Nxd4 c5 8. Ne2 Bd7 9. Bf4 Bd6 10. Bxd6 cxd6 11. Nbc3 Bc6 12. f3 Ne7 13. 0-0-0 0-0-0 14. Nf4 Rhe8 15. Rd2 Rd7 16. g4 b5 17. Ncd5 Nxd5 18. Nxd5 Kb7 19. Rhd1 Bxd5 20. Rxd5 Kc6 21. h4 Re5 22. Rxe5 dxe5 23. Rxd7 Kxd7 24. Kd2 Kd6 25. Kd3 a5 26. c4 Kc6 27. cxb5+ Kxb5 28. Kc3 f6 29. b3 h6 30. h5 Ka6 31. Kc4 Kb6 32. Kd5 Kb5 33. a3 a4 34. bxa4+ Kxa4 35. Kxc5 Kxa3 36. Kd6 Kb3 37. Ke7 Kc3 38. Kf7 Kd3 39. Kxg7 Ke3 40. Kxh6 Kxf3 41. Kg6 Kxg4 42. h6 f5 43. exf5 e4 44. h7 e3 45. h8Q e2 46. Qe5 e1Q 47. Qxe1 Kf3 48. f6 Kg4 49. f7 Kf4 50. f8R+ Kg4 51. Kf7 Kh3 52. Ke8 Kg2 53. Qe7 Kh3 54. Qg7 Kh2 55. Rh8# 1-0

[Event "Titled Tuesday intern op 22nd Aug Early"]
[Site "Chess.com INT"]
[Date "2023.08.22"]
[Round "7"]
[White "Baghdasaryan, Vahe"]
[Black "Hoffmann, Asa"]
[Result "0-1"]
[WhiteElo "2257"]
[BlackElo "2185"]
[PlyCount "50"]
[EventDate "2023.08.22"]
[EventType "swiss (blitz)"]
[EventRounds "11"]
[EventCountry "USA"]
[SourceTitle "EXT 2024"]
[Source "ChessBase"]
[SourceDate "2023.10.10"]
[SourceVersion "1"]
[SourceVersionDate "2023.10.10"]
[SourceQuality "1"]

1. e4 d6 2. d4 Nf6 3. Nc3 c6 4. f4 Qa5 5. Bd3 e5 6. Nf3 exd4 7. Nxd4 Qb6 8. Nf3 Be7 9. Qe2 0-0 10. Rb1 d5 11. e5 Ne8 12. Be3 Bc5 13. Bd2 Nd7 14. a3 h6 15. b4 Be7 16. Be3 Qd8 17. Na4 a5 18. b5 Bxa3 19. 0-0 Qe7 20. bxc6 bxc6 21. Nd4 c5 22. Nf5 Qe6 23. Ng3 d4 24. Be4 Ba6 25. Qf3 Rc8 0-1

[Event "Titled Tuesday intern op 22nd Aug Late"]
[Site "Chess.com INT"]
[Date "2023.08.22"]
[Round "4"]
[White "Baghdasaryan, Vahe"]
[Black "Thake, Conrad"]
[Result "1-0"]
[WhiteElo "2257"]
[BlackElo "1778"]
[PlyCount "87"]
[EventDate "2023.08.22"]
[EventType "swiss (blitz)"]
[EventRounds "11"]
[EventCountry "USA"]
[SourceTitle "EXT 2024"]
[Source "ChessBase"]
[SourceDate "2023.10.10"]
[SourceVersion "1"]
[SourceVersionDate "2023.10.10"]
[SourceQuality "1"]

1. e4 c5 2. c3 e6 3. d4 d5 4. exd5 exd5 5. Nf3 cxd4 6. Nxd4 Nf6 7. Bb5+ Bd7 8. Bxd7+ Qxd7 9. 0-0 Be7 10. Nd2 0-0 11. N2f3 Nc6 12. Re1 Ne4 13. Nxc6 Qxc6 14. Nd4 Qg6 15. f3 Bh4 16. fxe4 Bxe1 17. Qxe1 dxe4 18. Bf4 Rfe8 19. Qe3 Qb6 20. Rf1 Qxb2 21. Qg3 e3 22. Be5 Rxe5 23. Qxe5 Qxc3 24. Qd5 Rf8 25. Qe4 Qd2 26. Nf3 Qxa2 27. Qxe3 a5 28. Qe4 b5 29. Ng5 g6 30. Qh4 h5 31. g4 Qc4 32. h3 Qd4+ 33. Kh1 Qd5+ 34. Nf3 hxg4 35. hxg4 Kg7 36. Kg2 Rh8 37. Qg3 Qa2+ 38. Rf2 Qd5 39. g5 a4 40. Rd2 Qb7 41. Qe5+ Kh7 42. Kg3 Kg8 43. Rd8+ Kh7 44. Rxh8# 1-0

[Event "Titled Tuesday intern op 22nd Aug Early"]
[Site "Chess.com INT"]
[Date "2023.08.22"]
[Round "4"]
[White "Villabrille, Roberto"]
[Black "Baghdasaryan, Vahe"]
[Result "0-1"]
[WhiteElo "2140"]
[BlackElo "2257"]
[PlyCount "90"]
[EventDate "2023.08.22"]
[EventType "swiss (blitz)"]
[EventRounds "11"]
[EventCountry "USA"]
[SourceTitle "EXT 2024"]
[Source "ChessBase"]
[SourceDate "2023.10.10"]
[SourceVersion "1"]
[SourceVersionDate "2023.10.10"]
[SourceQuality "1"]

1. d4 d5 2. Nf3 Nf6 3. Bf4 Bf5 4. e3 e6 5. Bd3 Bxd3 6. Qxd3 Nbd7 7. Nbd2 Be7 8. 0-0 0-0 9. h3 c5 10. c3 c4 11. Qe2 b5 12. e4 dxe4 13. Nxe4 Nxe4 14. Qxe4 Nf6 15. Qe2 Qd5 16. Qe5 a5 17. Qxd5 Nxd5 18. Bg5 Bd6 19. a3 b4 20. axb4 axb4 21. Bd2 bxc3 22. bxc3 f6 23. Rfb1 Bf4 24. Bxf4 Nxf4 25. Rxa8 Rxa8 26. Rb4 Ne2+ 27. Kh2 Nxc3 28. Rxc4 Nd5 29. Rc6 Kf7 30. Ne1 Ra2 31. Nd3 Rd2 32. Nc5 Rxf2 33. Rxe6 Nf4 34. Rd6 Rxg2+ 35. Kh1 Rd2 36. Rd7+ Kg6 37. Ne4 Rd1+ 38. Kh2 Ne2 39. d5 Nf4 40. d6 Rd3 41. Nc5 Rxh3+ 42. Kg1 Rc3 43. Rd8 Rxc5 44. d7 Ne6 45. Re8 Rc1+ 0-1

[Event "Titled Tuesday intern op 15th Aug Early"]
[Site "Chess.com INT"]
[Date "2023.08.15"]
[Round "2"]
[White "Baghdasaryan, Vahe"]
[Black "Clawitter, Craig"]
[Result "0-1"]
[WhiteElo "2257"]
[BlackElo "2050"]
[PlyCount "76"]
[EventDate "2023.08.15"]
[EventType "swiss (blitz)"]
[EventRounds "11"]
[EventCountry "USA"]
[SourceTitle "EXT 2024"]
[Source "ChessBase"]
[SourceDate "2023.10.10"]
[SourceVersion "1"]
[SourceVersionDate "2023.10.10"]
[SourceQuality "1"]

1. e4 e6 2. d4 d5 3. Nd2 Be7 4. Ngf3 Nf6 5. e5 Nfd7 6. Bd3 c5 7. c3 Nc6 8. 0-0 a5 9. a3 cxd4 10. cxd4 g5 11. h3 h5 12. Qa4 g4 13. Nh2 Qb6 14. Nb3 Qc7 15. Bd2 Nb6 16. Bxa5 Rxa5 17. Qxa5 Nxa5 18. Nxa5 Nc4 19. Nxc4 dxc4 20. Rac1 b5 21. Be2 gxh3 22. g3 Bb7 23. a4 h4 24. g4 Bg5 25. Rc3 Bd2 26. Rc2 Bb4 27. axb5 Bd5 28. Ra1 Ke7 29. f3 Rb8 30. Ra4 Rxb5 31. Nf1 Qb7 32. Ne3 Be1 33. Nxc4 Bxc4 34. Bxc4 Rxb2 35. Rxb2 Qxb2 36. Ra2 Qc1 37. Kh2 Bg3+ 38. Kxh3 Qh1+ 0-1

[Event "Titled Tuesday intern op 15th Aug Early"]
[Site "Chess.com INT"]
[Date "2023.08.15"]
[Round "3"]
[White "Delgado Kuffo, Andres"]
[Black "Baghdasaryan, Vahe"]
[Result "1-0"]
[WhiteElo "2320"]
[BlackElo "2257"]
[PlyCount "55"]
[EventDate "2023.08.15"]
[EventType "swiss (blitz)"]
[EventRounds "11"]
[EventCountry "USA"]
[SourceTitle "EXT 2024"]
[Source "ChessBase"]
[SourceDate "2023.10.10"]
[SourceVersion "1"]
[SourceVersionDate "2023.10.10"]
[SourceQuality "1"]

1. e4 e5 2. Nc3 Nf6 3. d4 exd4 4. Qxd4 Nc6 5. Qc4 d6 6. Bg5 Be6 7. Qb5 Rb8 8. 0-0-0 Be7 9. e5 Ng4 10. Bxe7 Qxe7 11. exd6 cxd6 12. Nh3 0-0 13. Be2 Nge5 14. Nf4 a6 15. Qb6 Qg5 16. g3 Nc4 17. Bxc4 Bxc4 18. Rxd6 Qe5 19. Rhd1 Rfe8 20. h4 Ne7 21. Rd8 Nf5 22. Rxe8+ Rxe8 23. Kb1 Qe7 24. Ncd5 Bxd5 25. Nxd5 Qe5 26. Qxb7 Nd4 27. Ne3 Nb5 28. Qd5 1-0

[Event "Titled Tuesday intern op 15th Aug Late"]
[Site "Chess.com INT"]
[Date "2023.08.15"]
[Round "5"]
[White "Tarnowska, Aleksandra"]
[Black "Baghdasaryan, Vahe"]
[Result "0-1"]
[WhiteElo "1860"]
[BlackElo "2257"]
[PlyCount "70"]
[EventDate "2023.08.15"]
[EventType "swiss (blitz)"]
[EventRounds "11"]
[EventCountry "USA"]
[SourceTitle "EXT 2024"]
[Source "ChessBase"]
[SourceDate "2023.10.10"]
[SourceVersion "1"]
[SourceVersionDate "2023.10.10"]
[SourceQuality "1"]

1. e4 e5 2. Nf3 Nc6 3. Bb5 a6 4. Ba4 Nf6 5. 0-0 Be7 6. Re1 b5 7. Bb3 0-0 8. d4 Nxd4 9. Nxd4 exd4 10. Qxd4 c5 11. Qd3 c4 12. Bxc4 bxc4 13. Qxc4 Bb7 14. e5 Nd5 15. c3 Rc8 16. Qg4 f5 17. Qe2 Bg5 18. Nd2 Nf4 19. Qd1 Nxg2 20. Nf1 Nxe1 21. Qxe1 Bxc1 22. Qxc1 f4 23. f3 Bxf3 24. Kf2 Bb7 25. Nd2 Qh4+ 26. Ke2 f3+ 27. Kd3 f2 28. Qf1 a5 29. Rd1 Ba6+ 30. c4 Bxc4+ 31. Nxc4 Qxc4+ 32. Ke3 Qc5+ 33. Ke2 Qxe5+ 34. Kd3 Rf3+ 35. Kd2 Qe3# 0-1

[Event "Titled Tuesday intern op 08th Aug Early"]
[Site "Chess.com INT"]
[Date "2023.08.08"]
[Round "3"]
[White "Baghdasaryan, Vahe"]
[Black "Lenoir Ibacache, Gabriel Alberto"]
[Result "1-0"]
[WhiteElo "2257"]
[BlackElo "2225"]
[PlyCount "67"]
[EventDate "2023.08.08"]
[EventType "swiss (blitz)"]
[EventRounds "11"]
[EventCountry "USA"]
[SourceTitle "EXT 2024"]
[Source "ChessBase"]
[SourceDate "2023.10.10"]
[SourceVersion "1"]
[SourceVersionDate "2023.10.10"]
[SourceQuality "1"]

1. e4 c5 2. c3 d5 3. exd5 Qxd5 4. d4 Nc6 5. Nf3 Nf6 6. Be3 cxd4 7. cxd4 e6 8. Nc3 Qd6 9. Bd3 Be7 10. a3 0-0 11. h3 b6 12. Rc1 Bb7 13. Ne4 Qd8 14. Nxf6+ Bxf6 15. Be4 Rc8 16. 0-0 Qe7 17. Qa4 a6 18. Bxc6 b5 19. Bxb5 axb5 20. Qxb5 Bxf3 21. gxf3 h6 22. Qa6 Qd7 23. Rxc8 Rxc8 24. Rd1 Rc2 25. b4 Qd5 26. Qd3 Rb2 27. Qe4 Qb3 28. d5 exd5 29. Rxd5 g6 30. Rd6 Kg7 31. Rxf6 Kxf6 32. Bd4+ Kg5 33. h4+ Kh5 34. Qg4# 1-0

[Event "Titled Tuesday intern op 08th Aug Early"]
[Site "Chess.com INT"]
[Date "2023.08.08"]
[Round "1"]
[White "Baghdasaryan, Vahe"]
[Black "Thorsteinsdottir, Hallgerdur"]
[Result "0-1"]
[WhiteElo "2257"]
[BlackElo "1972"]
[PlyCount "114"]
[EventDate "2023.08.08"]
[EventType "swiss (blitz)"]
[EventRounds "11"]
[EventCountry "USA"]
[SourceTitle "EXT 2024"]
[Source "ChessBase"]
[SourceDate "2023.10.10"]
[SourceVersion "1"]
[SourceVersionDate "2023.10.10"]
[SourceQuality "1"]

1. e4 d5 2. exd5 Qxd5 3. Nc3 Qd8 4. d4 Nf6 5. Nf3 Bg4 6. Be2 e6 7. h3 Bh5 8. Be3 c6 9. g4 Bg6 10. Ne5 Nbd7 11. Nxg6 hxg6 12. Bf3 Nd5 13. Nxd5 cxd5 14. c3 Bd6 15. a4 Qc7 16. a5 Bf4 17. Qd2 g5 18. Bxf4 Qxf4 19. Qxf4 gxf4 20. Kd2 g5 21. b4 a6 22. Rh2 0-0-0 23. Rah1 Rh4 24. Be2 Rdh8 25. f3 Rf8 26. b5 axb5 27. Bxb5 Nb8 28. Rb1 Rfh8 29. Bf1 Nc6 30. a6 bxa6 31. Bxa6+ Kd8 32. Bf1 Kc7 33. Ra1 Rb8 34. Kd3 Rb3 35. Rha2 Rh8 36. Kd2 Rhb8 37. Rc2 Rb2 38. Bd3 f6 39. Bf1 e5 40. dxe5 fxe5 41. Re1 Kd6 42. Bd3 R8b3 43. Bf5 d4 44. cxd4 Nxd4 45. Rxb2 Rxb2+ 46. Kc3 Rf2 47. Be4 Nxf3 48. Rd1+ Nd4 49. Rh1 Re2 50. Bd3 Re3 51. h4 Kd5 52. Rg1 e4 53. hxg5 Rxd3+ 54. Kb2 Nf3 55. g6 Rd2+ 56. Kc1 Ke6 57. Rf1 Rd8 0-1